Score 0/14 Timer 01:00
0 Plays Today
Clue 3-Letter Word % Correct
Santa's helperELF
97.4%
Opposite of standSIT
87.2%
To do what is morally wrongSIN
87.1%
The whole amountALL
84.6%
Friendly furry alien from MelmacALF
83.4%
Star nearest to MercurySUN
81.5%
Result of additionSUM
80.7%
Clue 3-Letter Word % Correct
A right angle bendELL
78.5%
To feel sick or have painAIL
77%
Popular '90s PC game '___City'SIM
71.5%
Formerly popular chat programAIM
61.4%
Part of a horse guiding controlBIT
52%
Dracula's alter egoBAT
42.4%
Answer 1's favorite foodCAT
36%

Today's Daily Dose

Remove Ads.
Support Sporcle.
Get the best of Sporcle when you Go Orange. This ad-free experience offers more features, more stats, and more fun while also helping to support Sporcle. Thank you for becoming a member.

You're not logged in!

Compare scores with friends on all Sporcle quizzes.
OR
Log In

Show Comments

Extras

Top Quizzes Today


Score Distribution

Your Account Isn't Verified!

In order to create a playlist on Sporcle, you need to verify the email address you used during registration. Go to your Sporcle Settings to finish the process.

Report this User

Report this user for behavior that violates our Community Guidelines.

Details: